<?xml version="1.0" encoding="UTF-8"?><marc:collection xmlns:marc="http://www.loc.gov/MARC21/slim">
  <marc:record>
    <marc:leader>04467nas a2200733 c 4500</marc:leader>
    <marc:controlfield tag="001">010039252</marc:controlfield>
    <marc:controlfield tag="003">DE-101</marc:controlfield>
    <marc:controlfield tag="005">20250212200304.0</marc:controlfield>
    <marc:controlfield tag="007">tu</marc:controlfield>
    <marc:controlfield tag="008">991118d19522009gw a||p|  ||| 0||||1ger c</marc:controlfield>
    <marc:datafield tag="016" ind1="7" ind2=" ">
      <marc:subfield code="2">DE-600</marc:subfield>
      <marc:subfield code="a">2726-1</marc:subfield>
    </marc:datafield>
    <marc:datafield tag="016" ind1="7" ind2=" ">
      <marc:subfield code="2">DE-101</marc:subfield>
      <marc:subfield code="a">010039252</marc:subfield>
    </marc:datafield>
    <marc:datafield tag="022" ind1=" " ind2=" ">
      <marc:subfield code="a">1614-3574</marc:subfield>
    </marc:datafield>
    <marc:datafield tag="035" ind1=" " ind2=" ">
      <marc:subfield code="a">(DE-599)ZDB2726-1</marc:subfield>
    </marc:datafield>
    <marc:datafield tag="035" ind1=" " ind2=" ">
      <marc:subfield code="a">(OCoLC)1367271083</marc:subfield>
    </marc:datafield>
    <marc:datafield tag="040" ind1=" " ind2=" ">
      <marc:subfield code="a">9001</marc:subfield>
      <marc:subfield code="b">ger</marc:subfield>
      <marc:subfield code="c">DE-101</marc:subfield>
      <marc:subfield code="d">9999</marc:subfield>
    </marc:datafield>
    <marc:datafield tag="041" ind1=" " ind2=" ">
      <marc:subfield code="a">ger</marc:subfield>
    </marc:datafield>
    <marc:datafield tag="042" ind1=" " ind2=" ">
      <marc:subfield code="a">zdb</marc:subfield>
    </marc:datafield>
    <marc:datafield tag="044" ind1=" " ind2=" ">
      <marc:subfield code="c">XA-DE</marc:subfield>
    </marc:datafield>
    <marc:datafield tag="082" ind1="7" ind2="4">
      <marc:subfield code="a">330</marc:subfield>
      <marc:subfield code="q">DE-101</marc:subfield>
      <marc:subfield code="2">22sdnb</marc:subfield>
    </marc:datafield>
    <marc:datafield tag="083" ind1="7" ind2=" ">
      <marc:subfield code="a">330</marc:subfield>
      <marc:subfield code="a">360</marc:subfield>
      <marc:subfield code="q">DE-600</marc:subfield>
      <marc:subfield code="2">22sdnb</marc:subfield>
    </marc:datafield>
    <marc:datafield tag="084" ind1=" " ind2=" ">
      <marc:subfield code="a">3,2</marc:subfield>
      <marc:subfield code="2">ssgn</marc:subfield>
    </marc:datafield>
    <marc:datafield tag="084" ind1=" " ind2=" ">
      <marc:subfield code="a">650</marc:subfield>
      <marc:subfield code="2">rpb</marc:subfield>
    </marc:datafield>
    <marc:datafield tag="110" ind1="2" ind2=" ">
      <marc:subfield code="0">(DE-588)2006611-9</marc:subfield>
      <marc:subfield code="0">https://d-nb.info/gnd/2006611-9</marc:subfield>
      <marc:subfield code="0">(DE-101)004667069</marc:subfield>
      <marc:subfield code="a">Bundesverband der Deutschen Industrie</marc:subfield>
      <marc:subfield code="e">Verfasser</marc:subfield>
      <marc:subfield code="4">aut</marc:subfield>
      <marc:subfield code="2">gnd</marc:subfield>
    </marc:datafield>
    <marc:datafield tag="245" ind1="1" ind2="0">
      <marc:subfield code="a">Jahresbericht / BDI, Bundesverband der Deutschen Industrie e.V.</marc:subfield>
    </marc:datafield>
    <marc:datafield tag="246" ind1="1" ind2=" ">
      <marc:subfield code="i">Nebent.:</marc:subfield>
      <marc:subfield code="a">BDI-Jahresbericht</marc:subfield>
    </marc:datafield>
    <marc:datafield tag="247" ind1="0" ind2="0">
      <marc:subfield code="a">Jahresbericht des Bundesverbandes der Deutschen Industrie</marc:subfield>
      <marc:subfield code="f">Hauptsacht. bis 1984/86</marc:subfield>
    </marc:datafield>
    <marc:datafield tag="247" ind1="0" ind2="0">
      <marc:subfield code="a">vorgelegt der ... ordentl. Mitgliederversammlung in ... am ...</marc:subfield>
      <marc:subfield code="f">Zusatz bis 1984/86</marc:subfield>
    </marc:datafield>
    <marc:datafield tag="264" ind1="3" ind2="1">
      <marc:subfield code="a">Berlin</marc:subfield>
      <marc:subfield code="b">Industrie-Förderung</marc:subfield>
      <marc:subfield code="c">1952-2009</marc:subfield>
    </marc:datafield>
    <marc:datafield tag="264" ind1="2" ind2="1">
      <marc:subfield code="3">-1986</marc:subfield>
      <marc:subfield code="a">Köln [u.a.]</marc:subfield>
      <marc:subfield code="b">Bundesverb.</marc:subfield>
    </marc:datafield>
    <marc:datafield tag="300" ind1=" " ind2=" ">
      <marc:subfield code="c">30 cm</marc:subfield>
    </marc:datafield>
    <marc:datafield tag="336" ind1=" " ind2=" ">
      <marc:subfield code="a">Text</marc:subfield>
      <marc:subfield code="b">txt</marc:subfield>
      <marc:subfield code="2">rdacontent</marc:subfield>
    </marc:datafield>
    <marc:datafield tag="337" ind1=" " ind2=" ">
      <marc:subfield code="a">ohne Hilfsmittel zu benutzen</marc:subfield>
      <marc:subfield code="b">n</marc:subfield>
      <marc:subfield code="2">rdamedia</marc:subfield>
    </marc:datafield>
    <marc:datafield tag="338" ind1=" " ind2=" ">
      <marc:subfield code="a">Band</marc:subfield>
      <marc:subfield code="b">nc</marc:subfield>
      <marc:subfield code="2">rdacarrier</marc:subfield>
    </marc:datafield>
    <marc:datafield tag="362" ind1="0" ind2=" ">
      <marc:subfield code="a">1951/52(1952) - 1979/80(1980); 1980/82(1982) - 1984/86(1986); 1999(2000) - 2003(2004); 2004/05(2005) - 2006/07(2007); 2008 - 2009; damit Ersch. eingest.</marc:subfield>
    </marc:datafield>
    <marc:datafield tag="363" ind1="0" ind2="0">
      <marc:subfield code="8">1.1\x</marc:subfield>
      <marc:subfield code="i">1951/52</marc:subfield>
    </marc:datafield>
    <marc:datafield tag="363" ind1="1" ind2="0">
      <marc:subfield code="8">1.2\x</marc:subfield>
      <marc:subfield code="i">1984/86</marc:subfield>
    </marc:datafield>
    <marc:datafield tag="363" ind1="0" ind2="0">
      <marc:subfield code="8">2.1\x</marc:subfield>
      <marc:subfield code="i">1999</marc:subfield>
    </marc:datafield>
    <marc:datafield tag="363" ind1="1" ind2="0">
      <marc:subfield code="8">2.2\x</marc:subfield>
      <marc:subfield code="i">2009</marc:subfield>
    </marc:datafield>
    <marc:datafield tag="515" ind1=" " ind2=" ">
      <marc:subfield code="a">Teils mit Zählung; jährl.</marc:subfield>
    </marc:datafield>
    <marc:datafield tag="583" ind1="1" ind2=" ">
      <marc:subfield code="a">Archivierung/Langzeitarchivierung gewährleistet</marc:subfield>
      <marc:subfield code="c">2020</marc:subfield>
      <marc:subfield code="f">PENW</marc:subfield>
      <marc:subfield code="5">DE-5</marc:subfield>
      <marc:subfield code="2">pdager</marc:subfield>
    </marc:datafield>
    <marc:datafield tag="591" ind1=" " ind2=" ">
      <marc:subfield code="a">M!6!206!(13-12-10)</marc:subfield>
    </marc:datafield>
    <marc:datafield tag="610" ind1="2" ind2="7">
      <marc:subfield code="0">(DE-588)2006611-9</marc:subfield>
      <marc:subfield code="0">https://d-nb.info/gnd/2006611-9</marc:subfield>
      <marc:subfield code="0">(DE-101)004667069</marc:subfield>
      <marc:subfield code="a">Bundesverband der Deutschen Industrie</marc:subfield>
      <marc:subfield code="9">rswk-swf</marc:subfield>
      <marc:subfield code="2">gnd</marc:subfield>
    </marc:datafield>
    <marc:datafield tag="610" ind1="2" ind2="7">
      <marc:subfield code="0">(DE-588)2006611-9</marc:subfield>
      <marc:subfield code="0">https://d-nb.info/gnd/2006611-9</marc:subfield>
      <marc:subfield code="0">(DE-101)004667069</marc:subfield>
      <marc:subfield code="a">Bundesverband der Deutschen Industrie</marc:subfield>
      <marc:subfield code="9">rswk-swf</marc:subfield>
      <marc:subfield code="2">gnd</marc:subfield>
    </marc:datafield>
    <marc:datafield tag="650" ind1=" " ind2="7">
      <marc:subfield code="0">(DE-588)4128022-2</marc:subfield>
      <marc:subfield code="0">https://d-nb.info/gnd/4128022-2</marc:subfield>
      <marc:subfield code="0">(DE-101)041280229</marc:subfield>
      <marc:subfield code="a">Bericht</marc:subfield>
      <marc:subfield code="9">rswk-swf</marc:subfield>
      <marc:subfield code="2">gnd</marc:subfield>
    </marc:datafield>
    <marc:datafield tag="655" ind1=" " ind2="7">
      <marc:subfield code="0">(DE-588)4067488-5</marc:subfield>
      <marc:subfield code="0">https://d-nb.info/gnd/4067488-5</marc:subfield>
      <marc:subfield code="0">(DE-101)040674886</marc:subfield>
      <marc:subfield code="a">Zeitschrift</marc:subfield>
      <marc:subfield code="2">gnd-content</marc:subfield>
    </marc:datafield>
    <marc:datafield tag="655" ind1=" " ind2="7">
      <marc:subfield code="0">(DE-588)4128022-2</marc:subfield>
      <marc:subfield code="0">https://d-nb.info/gnd/4128022-2</marc:subfield>
      <marc:subfield code="0">(DE-101)041280229</marc:subfield>
      <marc:subfield code="a">Bericht</marc:subfield>
      <marc:subfield code="2">gnd-content</marc:subfield>
    </marc:datafield>
    <marc:datafield tag="655" ind1=" " ind2="7">
      <marc:subfield code="a">Bericht</marc:subfield>
      <marc:subfield code="9">rswk-swf</marc:subfield>
      <marc:subfield code="2">gnd</marc:subfield>
    </marc:datafield>
    <marc:datafield tag="689" ind1="0" ind2="0">
      <marc:subfield code="0">(DE-588)2006611-9</marc:subfield>
      <marc:subfield code="0">https://d-nb.info/gnd/2006611-9</marc:subfield>
      <marc:subfield code="0">(DE-101)004667069</marc:subfield>
      <marc:subfield code="D">b</marc:subfield>
      <marc:subfield code="a">Bundesverband der Deutschen Industrie</marc:subfield>
    </marc:datafield>
    <marc:datafield tag="689" ind1="0" ind2="1">
      <marc:subfield code="0">(DE-588)4128022-2</marc:subfield>
      <marc:subfield code="0">https://d-nb.info/gnd/4128022-2</marc:subfield>
      <marc:subfield code="0">(DE-101)041280229</marc:subfield>
      <marc:subfield code="D">s</marc:subfield>
      <marc:subfield code="a">Bericht</marc:subfield>
    </marc:datafield>
    <marc:datafield tag="689" ind1="0" ind2=" ">
      <marc:subfield code="5">DE-600</marc:subfield>
      <marc:subfield code="5">DE-600</marc:subfield>
    </marc:datafield>
    <marc:datafield tag="689" ind1="1" ind2="0">
      <marc:subfield code="0">(DE-588)2006611-9</marc:subfield>
      <marc:subfield code="0">https://d-nb.info/gnd/2006611-9</marc:subfield>
      <marc:subfield code="0">(DE-101)004667069</marc:subfield>
      <marc:subfield code="D">b</marc:subfield>
      <marc:subfield code="a">Bundesverband der Deutschen Industrie</marc:subfield>
    </marc:datafield>
    <marc:datafield tag="689" ind1="1" ind2="1">
      <marc:subfield code="A">f</marc:subfield>
      <marc:subfield code="a">Bericht</marc:subfield>
    </marc:datafield>
    <marc:datafield tag="689" ind1="1" ind2=" ">
      <marc:subfield code="5">DE-600</marc:subfield>
      <marc:subfield code="5">DE-600</marc:subfield>
    </marc:datafield>
    <marc:datafield tag="776" ind1="0" ind2="8">
      <marc:subfield code="i">Erscheint auch als</marc:subfield>
      <marc:subfield code="n">Online-Ausgabe</marc:subfield>
      <marc:subfield code="a">Bundesverband der Deutschen Industrie</marc:subfield>
      <marc:subfield code="t">Jahresbericht / BDI, Bundesverband der Deutschen Industrie e.V.</marc:subfield>
      <marc:subfield code="d">Berlin : BDI, 1998-2009</marc:subfield>
      <marc:subfield code="h">Online-Ressource</marc:subfield>
      <marc:subfield code="w">(DE-600)2091564-0</marc:subfield>
      <marc:subfield code="w">(DE-101)02399911X</marc:subfield>
    </marc:datafield>
    <marc:datafield tag="780" ind1="0" ind2="0">
      <marc:subfield code="i">Vorg.:</marc:subfield>
      <marc:subfield code="a">Bundesverband der Deutschen Industrie</marc:subfield>
      <marc:subfield code="t">Geschäftsbericht des Bundesverbandes der Deutschen Industrie</marc:subfield>
      <marc:subfield code="d">Köln : Bundesverb., 1950-1951</marc:subfield>
      <marc:subfield code="w">(DE-600)40641-7</marc:subfield>
      <marc:subfield code="w">(DE-101)010359265</marc:subfield>
    </marc:datafield>
    <marc:datafield tag="785" ind1="0" ind2="8">
      <marc:subfield code="i">1986/88 - 1990/92</marc:subfield>
      <marc:subfield code="a">Bundesverband der Deutschen Industrie</marc:subfield>
      <marc:subfield code="t">Bericht ... des Bundesverbandes der Deutschen Industrie e.V.</marc:subfield>
      <marc:subfield code="d">Köln : Industrie-Förderung, 1988-1992</marc:subfield>
      <marc:subfield code="x">0941-0392</marc:subfield>
      <marc:subfield code="w">(DE-600)641906-9</marc:subfield>
      <marc:subfield code="w">(DE-101)013743589</marc:subfield>
    </marc:datafield>
    <marc:datafield tag="785" ind1="0" ind2="8">
      <marc:subfield code="i">1993 - 1998</marc:subfield>
      <marc:subfield code="a">Bundesverband der Deutschen Industrie</marc:subfield>
      <marc:subfield code="t">BDI-Bericht</marc:subfield>
      <marc:subfield code="d">Köln : Industrie-Förderung, 1994-1999</marc:subfield>
      <marc:subfield code="x">0948-907X</marc:subfield>
      <marc:subfield code="w">(DE-600)1189594-9</marc:subfield>
      <marc:subfield code="w">(DE-101)017168902</marc:subfield>
    </marc:datafield>
    <marc:datafield tag="787" ind1="0" ind2="8">
      <marc:subfield code="i">1951/52=15; 1952/53=19; 1953/54=23; 1954/55=34; 1955/56=40; 1956/57=44 usw. von</marc:subfield>
      <marc:subfield code="a">Bundesverband der Deutschen Industrie</marc:subfield>
      <marc:subfield code="t">Drucksache des Bundesverbandes der Deutschen Industrie e.V.</marc:subfield>
      <marc:subfield code="d">Köln [u.a.] : Bundesverb., 1950-1974</marc:subfield>
      <marc:subfield code="w">(DE-600)716635-7</marc:subfield>
      <marc:subfield code="w">(DE-101)013871269</marc:subfield>
    </marc:datafield>
    <marc:datafield tag="787" ind1="0" ind2="8">
      <marc:subfield code="i">1972/73=97; 1973/74=100; 1974/75=102; 1975/76=105; 1976/77=110; 1977/78=114; 1978/79=123; 1979/80=131; 1980/82=150; 1982/84=168; 1984/86=193; 1999=318; 2000=324; 2001=332; 2002=340; 2003=355; 2004/05=363; 2005/06=378; 2006/07=388; 2008=405; 2009=420 von</marc:subfield>
      <marc:subfield code="a">Bundesverband der Deutschen Industrie</marc:subfield>
      <marc:subfield code="t">BDI-Drucksache</marc:subfield>
      <marc:subfield code="d">Köln [u.a.] : Verl. Industrieförderung, 1975-</marc:subfield>
      <marc:subfield code="x">0407-8977</marc:subfield>
      <marc:subfield code="w">(DE-600)236311-2</marc:subfield>
      <marc:subfield code="w">(DE-101)011415037</marc:subfield>
    </marc:datafield>
    <marc:datafield tag="850" ind1=" " ind2=" ">
      <marc:subfield code="a">DE-101a</marc:subfield>
      <marc:subfield code="a">DE-101b</marc:subfield>
    </marc:datafield>
    <marc:datafield tag="889" ind1=" " ind2=" ">
      <marc:subfield code="w">(DE-101)958999163</marc:subfield>
    </marc:datafield>
    <marc:datafield tag="889" ind1=" " ind2=" ">
      <marc:subfield code="w">(DE-600)1368484-X</marc:subfield>
    </marc:datafield>
    <marc:datafield tag="925" ind1="r" ind2=" ">
      <marc:subfield code="a">rb</marc:subfield>
    </marc:datafield>
  </marc:record>
</marc:collection>
